Collected Poems

Guardado en:
Bibliografiske detaljer
Hovedforfatter: Yeats, W. B.
Format: Bog
Sprog:Undetermined
Udgivet: Londres, Inglaterra McMillan 1979
Udgivelse:2
Fag:
Tags: Tilføj Tag
Ingen Tags, Vær først til at tagge denne postø!

MARC

LEADER 00000nam a2200000Ia 4500
008 170316s9999 xx 000 0 und d
040 |a cru BVZT 
090 |a 820 Y-1c 
100 |a Yeats, W. B. 
245 |a Collected Poems 
250 |a 2 
260 |a Londres, Inglaterra 
260 |b McMillan 
260 |c 1979 
300 |a 564 páginas 
650 |a LITERATURA INGLESA 
999 |c 7279  |d 7279 
942 |c 15 D  |h 820 Y-1c  |2 z